Tepelně-technické a energetické vlastnosti budov
Gespeichert in:
| Format: | Buch |
|---|---|
| Sprache: | Tschechisch |
| Veröffentlicht: |
Praha :
Grada,
2002
|
| Tags: |
Keine Tags, Fügen Sie das erste Tag hinzu!
|
MARC
| LEADER | 00000nam a22000003a 4500 | ||
|---|---|---|---|
| 001 | stu76941 | ||
| 005 | 20150408175531.7 | ||
| 008 | 020809s2002----xr------------------cze-d | ||
| 020 | |a 80-7169-582-3 | ||
| 040 | |a STU |b slo | ||
| 041 | 0 | |a cze | |
| 044 | |a xr | ||
| 080 | |a 697.1 | ||
| 080 | |a 628.81 | ||
| 245 | |a Tepelně-technické a energetické vlastnosti budov | ||
| 260 | |a Praha : |b Grada, |c 2002 | ||
| 300 | |a 247 s.;tab.,grafy |c CD-ROM | ||
| 996 | |b 284V027857 |c V*47806/O-21064 |l VVT |s A |a 24 |w stu76941_0001 | ||
| 996 | |b 284V031040 |c V*47807/O-21064a |l VVS |s A |a 24 |w stu76941_0002 | ||
| 996 | |c V*47471/O-20899 |l VV8 |s P |a 0 |w stu76941_0003 | ||